Israeli cities - Sudden death - Statistics

General Stats
  • This quiz has been taken 2,122 times
  • The average score is 10 of 16
Answers on the Grid
Answers color-coded by a green-red scale on the quiz's grid according to % correct below.
Tyre
Tel Aviv
Tartus
Tabuk
Sderot
Salt
Sakakah
Ramat Gan
Raanana
Petah Tikva
Nazareth
Najaf
Luxor
Karak
Jerusalem
Holon
Hod HaSharon
Haifa
Erbil
Eilat
Dimona
Damanhour
Bosaso
Beer Sheva
Bat Yam
Aqaba
Aleppo
Afula
Acre
Abha
 
Answer Stats
Answer % Correct
Tel Aviv
98%
Jerusalem
88%
Haifa
80%
Nazareth
79%
Beer Sheva
73%
Bat Yam
65%
Eilat
65%
Hod HaSharon
63%
Petah Tikva
62%
Ramat Gan
62%
Sderot
59%
Holon
46%
Raanana
42%
Acre
36%
Dimona
36%
Afula
28%
No matching quizzes found
Score Distribution
Percent of People with Each Score
Percentile by Number Answered
Your Score History
You have not taken this quiz